Borderlands 2 Trivia - Statistics

General Stats
  • This quiz has been taken 499 times
  • The average score is 21 of 30
Answer Stats
Hint Answer % Correct
Class Siren
96%
Class Gunzerker
93%
Class Assassin
90%
Name of the Class Axton
90%
Name of the Class Maya
90%
Name of the Class Salvador
90%
Class Commando
88%
1st Boss Knuckle Dragger
88%
Class Psycho
88%
Leader of Crimson Raiders Roland
87%
Villiain Handsome Jack
86%
Name of the Class Zer0
86%
Old Siren Lilith
85%
Gun's Dealer Marcus
85%
Class Mechromancer
84%
Bar tender Moxxi
84%
End Boss The Warrior
82%
Daughter of ^ Angel
78%
Name of the Class Krieg
78%
Easter Egg in Caustic Caverns Minecraft
73%
Old Beast Brick
70%
Son of ^ Scooter
70%
Daughter of ^x2 Ellie
66%
Boss at the top of Thousand Cuts Bunker
58%
Amp Shield The Bee
50%
Invincible Thresher Terramorphus
40%
Quest for ^ You. Will. Die.
40%
Old Sniper Mordekai
17%
Name of the Class Maige
6%
Drunk boss Mick Zafford
2%
No matching quizzes found
Score Distribution
Percent of People with Each Score
Percentile by Number Answered
Your Score History
You have not taken this quiz